000 00389nam a2200169Ia 4500
001 15326
003 IN-NITTTR
005 20251114233144.0
008 251113s9999||||xx |||||||||||||| ||eng||
040 _beng
040 _cIN-NITTTR
041 _aeng
082 _a621.38932 S18T
100 _aShahani, D. C.
245 0 _aTape recorder simplified /
_cShahani, D. C.
942 _2ddc
_cBK
999 _c17960
_d17960